| 000 | 01434nam0a22003011 4500 | ||
|---|---|---|---|
| 001 | rc\4451428 | ||
| 005 | 20130416161902.3 | ||
| 021 |
_aRU _b[66-65616] |
||
| 035 | _a(NLR Aleph) 008587114 | ||
| 090 |
_a8621257 _c8621257 |
||
| 100 | _a20130416d1966 |||y0rusy50 ca | ||
| 101 | 0 | _arus | |
| 102 | _aRU | ||
| 105 | _aa z ||||| | ||
| 200 | 1 |
_aИсследование хлорнокислых и хромовокислых солей элементов первой группы периодической системы Д. И. Менделеева _e[Сборник статей _fОтв. ред. проф. А.С. Карнаухов] _gЯросл. гос. пед. ин-т им. К.Д. Ушинского |
|
| 210 |
_aЯрославль _c[Верх.-Волж. кн. изд-во] _d1966 |
||
| 215 |
_a120 с. _cчерт. _d21 |
||
| 320 | _aБиблиогр. в конце статей | ||
| 606 |
_aХимия _xПолитехническое обучение _jСборники _2psbo |
||
| 606 |
_aФизико-химические системы _jСборники _2psbo |
||
| 606 |
_aСапропель _jСборники _2psbo |
||
| 702 | 1 |
_aКарнаухов _bА. С. _4340 |
|
| 712 | 0 | 2 |
_aЯрославский педагогический институт им. К. Д. Ушинского _3RU\NLR\AUTH\8815513 |
| 801 | 0 |
_aRU _bNLR _gpsbo |
|
| 801 | 1 |
_aRU _bELAR _2rusmarc |
|
| 852 |
_aNLR _j66-5/4363 |
||
| 942 | _cBOOK | ||
| 980 | _aNB | ||